000 00922nas a2200265 4500
001 BR8101375
003 BR-BrBNA
005 20231205084547.0
007 ta
008 230509b bl.|||p| |||| 00| 00por d
040 _aBR-BrBNA
_bpor
_cBiblioteca Nacional de Agricultura
041 _a(Pt)
072 _aK10; K50
100 1 _aBaena, E. de S.
245 1 _aEucalyptus. De como obter em plantios visando a producao de fibras, madeira tambem para serraria [Eucalipto; Brasil]
246 1 _a[Eucalyptus. On how to obtain, in plantations aiming fiber production, also wood for lumber mill [Eucalypt; Brazil]]
650 _aProducao florestal
650 _aIndustria florestal
650 _aEucalipto
650 _aMadeira
650 _aSerraria
773 0 _tSilvicultura (Brazil)
_xISSN 0100-3615
_g(May 1981), v. 6(18) p. 38-39
_wBR8101375
909 _a202311
_bLúcia
_c55
_dLúcia Elande
942 _2AGRIS
_n0
_cANA
999 _c105924
_d105924